Welcome to CU Library Online Public Access Catalogue (OPAC)

Anatomy/ (Record no. 2244)

MARC details
000 -LEADER
fixed length control field 00583nam a22001577a 4500
005 - DATE AND TIME OF LATEST TRANSACTION
control field 20241215104851.0
008 - FIXED-LENGTH DATA ELEMENTS--GENERAL INFORMATION
fixed length control field 241215b |||||||| |||| 00| 0 eng d
020 ## - INTERNATIONAL STANDARD BOOK NUMBER
International Standard Book Number 9781609133085
050 ## - LIBRARY OF CONGRESS CALL NUMBER
Classification number QM531
Item number .C57
100 ## - MAIN ENTRY--PERSONAL NAME
Personal name Clemente, Carmine D.
245 ## - TITLE STATEMENT
Title Anatomy/
Remainder of title a regional atlas of the human body; with more than 150 plates of Direct Clinical Importance
Statement of responsibility, etc. Carmine D. Clemente
250 ## - EDITION STATEMENT
Edition statement 6th ed.
Remainder of edition statement international edition
260 ## - PUBLICATION, DISTRIBUTION, ETC.
Place of publication, distribution, etc. Philadelphia
Name of publisher, distributor, etc. Wolters Kluwer/ Lippincott Williams & Wilkins
Date of publication, distribution, etc. 2011
300 ## - PHYSICAL DESCRIPTION
Extent various paging
Other physical details ill. color
Dimensions 30cm
942 ## - ADDED ENTRY ELEMENTS (KOHA)
Source of classification or shelving scheme Library of Congress Classification
Koha item type Books
Edition 6th ed.
Suppress in OPAC No
999 ## -
-- 2244
-- 2244
Holdings
Withdrawn status Lost status Source of classification or shelving scheme Damaged status Not for loan Collection Home library Current library Shelving location Date acquired Total checkouts Full call number Barcode Date last seen Copy number Price effective from Koha item type
    Library of Congress Classification     Non-fiction Science Library (Miotso) Science Library (Miotso) General stacks 12/15/2024   QM531 .C57 CLE SLM00001485 12/15/2024 1 12/15/2024 Books
    Library of Congress Classification     Non-fiction Science Library (Miotso) Science Library (Miotso) General stacks 12/15/2024   QM531 .C57 CLE SLM00001486 12/15/2024 2 12/15/2024 Books
    Library of Congress Classification     Non-fiction Science Library (Miotso) Science Library (Miotso) Reference 12/09/2025   QM531 .C57 CLE SLM00006553 12/09/2025 3 12/09/2025 Books
© 2023-2024 Copyright: Central University Libraries. All Rights Reserved | Created by: Mahone Tech Office